[Event "South America-ch 1st"]
[Site "Lima"]
[Date "2023.09.22"]
[Round "9.43"]
[White "Quispe Sanchez, Cristobal Edu"]
[Black "Riojas Rebata, Oswaldo Andre"]
[Result "0-1"]
[WhiteElo "1145"]
[BlackElo "1438"]
[PlyCount "56"]
[EventDate "2023.09.14"]
[EventType "swiss"]
[EventRounds "9"]
[EventCountry "PER"]
[SourceTitle "EXT 2024"]
[Source "ChessBase"]
[SourceDate "2023.10.10"]
[SourceVersion "1"]
[SourceVersionDate "2023.10.10"]
[SourceQuality "1"]

1. e4 e5 2. Nf3 Nc6 3. Bc4 Bc5 4. 0-0 d6 5. d3 Bg4 6. c3 Nf6 7. Bg5 h6 8. Be3 Bb6 9. b4 0-0 10. Nbd2 d5 11. exd5 Nxd5 12. Bxd5 Qxd5 13. Nc4 Rad8 14. Nxb6 axb6 15. d4 e4 16. h3 Bh5 17. g4 exf3 18. gxh5 f5 19. Qb3 f4 20. Bd2 Kh7 21. Qc2+ Kh8 22. Qg6 Rf5 23. Kh2 Rg5 24. Qd3 Rg2+ 25. Kh1 Qxh5 26. Qxf3 Qxf3 27. Bxf4 Qxh3+ 28. Bh2 Qxh2# 0-1

[Event "PER-ch"]
[Site "Lima"]
[Date "2023.08.29"]
[Round "1"]
[White "Riojas Rebata, Oswaldo Andre"]
[Black "Hidalgo Valladolid, Renato Guillermo"]
[Result "1-0"]
[WhiteElo "1438"]
[BlackElo "1113"]
[PlyCount "83"]
[EventDate "2023.08.29"]
[EventType "swiss"]
[EventRounds "9"]
[EventCountry "PER"]
[SourceTitle "EXT 2024"]
[Source "ChessBase"]
[SourceDate "2023.10.10"]
[SourceVersion "1"]
[SourceVersionDate "2023.10.10"]
[SourceQuality "1"]

1. e4 c5 2. Nf3 d6 3. Nc3 g6 4. d3 Bg7 5. Be2 Nf6 6. h3 Nc6 7. 0-0 0-0 8. d4 Qb6 9. d5 Nb8 10. Re1 Re8 11. Nd2 Bd7 12. Nc4 Qc7 13. a4 Na6 14. Bf4 Nb4 15. e5 dxe5 16. Nxe5 Qd8 17. Bc4 Bf5 18. Rc1 Qb6 19. g4 Bc8 20. Qf3 e6 21. d6 Rd8 22. Bg5 Rxd6 23. Bxf6 Bh6 24. Be7 f5 25. g5 Bg7 26. Bxd6 Qxd6 27. Rcd1 Qc7 28. Nb5 Qe7 29. Qf4 a6 30. Nd6 Nxc2 31. Nxc8 Rxc8 32. Rd7 Qe8 33. Red1 Nd4 34. Rxg7+ Kxg7 35. Qh4 Rd8 36. Rd3 b5 37. Ba2 Ne2+ 38. Kf1 Nd4 39. b4 Nc2 40. Qh6+ Kg8 41. Rxd8 Qxd8 42. Bxe6+ 1-0